[Event "SF Olfen 1 - SC Falke Saerbeck 1"]
[Site "Verbandsliga 2019/2020"]
[Date "2019.11.09"]
[Round "3.3"]
[White "Kipp, Lucas"]
[Black "Beutelhoff, Josef"]
[Result "1/2-1/2"]
[WhiteElo "1926"]
[BlackElo "1941"]
[PlyCount "70"]
[EventDate "2019.??.??"]
[SourceDate "2019.12.15"]

1. e4 e6 2. d4 d5 3. e5 c5 4. c3 Nc6 5. Nf3 Qb6 6. Be2 f6 7. exf6 Nxf6 8. O-O
Bd6 9. a3 c4 10. Nbd2 Na5 11. Rb1 O-O 12. b3 cxb3 13. Nxb3 Nc4 14. Nbd2 Qc6 15.
Nxc4 dxc4 16. Ne5 Bxe5 17. dxe5 Nd5 18. Qd4 b5 19. Bf3 Bb7 20. Bxd5 exd5 21.
Bg5 Rf7 22. Rbe1 Bc8 23. Re3 Be6 24. Rg3 Qb6 25. Qh4 Bf5 26. Be3 Qa5 27. Bd4
Qd8 28. Rg5 Qe7 29. Qg3 Qe6 30. Qe3 a6 31. Re1 Re8 32. Rg3 Be4 33. f3 Bg6 34.
Rg4 Bf5 35. Rg3 Bg6 1/2-1/2

[Event "SF Olfen 1 - SC Falke Saerbeck 1"]
[Site "Verbandsliga 2019/2020"]
[Date "2019.11.09"]
[Round "3.4"]
[White "Stroessner, Lena"]
[Black "Fischer, Andreas"]
[Result "0-1"]
[WhiteElo "1924"]
[BlackElo "1889"]
[PlyCount "110"]
[EventDate "2019.??.??"]
[SourceDate "2019.12.15"]

1. Nf3 d5 2. d4 e6 3. c4 c6 4. g3 f5 5. Bg2 Nf6 6. O-O Be7 7. Nc3 O-O 8. cxd5
cxd5 9. Ne5 Nbd7 10. Qb3 Nxe5 11. dxe5 Nd7 12. Rd1 Kh8 13. f4 Nc5 14. Qc2 Bd7
15. Be3 Rc8 16. Rac1 b5 17. a3 a5 18. b4 axb4 19. axb4 Na4 20. Qb3 Rc4 21. Na2
Qc7 22. Rxc4 dxc4 23. Qc2 Bc6 24. Rd2 Bxg2 25. Kxg2 Rd8 26. Qd1 Rxd2 27. Qxd2
Kg8 28. Bd4 Qc6+ 29. Kg1 Qd5 30. e3 Kf7 31. Qc2 Qf3 32. Qd2 h5 33. Nc1 h4 34.
Ne2 hxg3 35. hxg3 Qd5 36. Nc1 Qe4 37. Na2 Qf3 38. Kh2 Kg6 39. Ba7 Qd5 40. Bd4
c3 41. Nxc3 Bxb4 42. Nxd5 Bxd2 43. Nc7 b4 44. Nxe6 b3 45. Nc7 Ba5 46. Nd5 Kf7
47. g4 Ke6 48. gxf5+ Kxd5 49. e6 Kd6 50. Bxg7 Ke7 51. Bh6 Bc3 52. Bg5+ Bf6 53.
e4 b2 54. e5 Bxg5 55. fxg5 b1=Q 0-1

[Event "SF Olfen 1 - SC Falke Saerbeck 1"]
[Site "Verbandsliga 2019/2020"]
[Date "2019.11.09"]
[Round "3.5"]
[White "Fayazi, Shahriar"]
[Black "Pinno, Gregor"]
[Result "0-1"]
[WhiteElo "1889"]
[BlackElo "1838"]
[PlyCount "126"]
[EventDate "2019.??.??"]
[SourceDate "2019.12.15"]

1. c4 Nf6 2. g3 e5 3. Bg2 d6 4. Nc3 g6 5. Nf3 Bg7 6. d4 Nbd7 7. O-O O-O 8. b3
Re8 9. e3 c6 10. Qc2 Nf8 11. dxe5 dxe5 12. Rd1 Qc7 13. Ba3 Bf5 14. e4 Bg4 15.
Bd6 Qc8 16. Ne2 N6d7 17. c5 Ne6 18. h3 Bxf3 19. Bxf3 h5 20. Rab1 Ndf8 21. b4
Ng5 22. Bg2 Nxh3+ 23. Bxh3 Qxh3 24. Bxf8 Bxf8 25. Rb3 h4 26. gxh4 Qxh4 27. Kg2
Rad8 28. Rh3 Qf6 29. Rdh1 Bg7 30. Ng1 Qg5+ 31. Rg3 Qd2 32. Qb3 Re6 33. a3 Rf6
34. Nf3 Qd3 35. Qa2 Qxe4 36. Re1 Qd5 37. Qxd5 Rxd5 38. Rxe5 Rxe5 39. Nxe5 Rf4
40. Nd3 Rd4 41. Kf1 Re4 42. Re3 Rxe3 43. fxe3 f5 44. Ke2 Kf7 45. Kf3 g5 46. e4
Ke6 47. exf5+ Kxf5 48. a4 a6 49. Ne1 g4+ 50. Ke3 Be5 51. Kd3 Kf4 52. Kc4 Ke3
53. b5 Ke2 54. bxa6 bxa6 55. Nd3 g3 56. Nxe5 g2 57. Nxc6 g1=Q 58. Nd4+ Ke3 59.
Nf5+ Ke4 60. Nd6+ Ke5 61. Nf7+ Ke6 62. Nd8+ Kd7 63. Nf7 Qg8 0-1

[Event "SF Olfen 1 - SC Falke Saerbeck 1"]
[Site "Verbandsliga 2019/2020"]
[Date "2019.11.09"]
[Round "3.6"]
[White "Boenigk, Winfried"]
[Black "Bartsch, Jan"]
[Result "1/2-1/2"]
[WhiteElo "1760"]
[BlackElo "1793"]
[PlyCount "82"]
[EventDate "2019.??.??"]
[SourceDate "2019.12.15"]

1. d4 d5 2. c4 Nc6 3. Nf3 Bg4 4. Bf4 e6 5. e3 Nf6 6. h3 Bh5 7. Nc3 dxc4 8. Bxc4
Bd6 9. Bxd6 Qxd6 10. O-O a6 11. Be2 O-O 12. Rc1 Rfd8 13. Na4 Nd7 14. g4 Bg6 15.
Nh4 Ne7 16. Bf3 c6 17. Nc5 Nxc5 18. Rxc5 Qxc5 19. dxc5 Rxd1 20. Rxd1 Kf8 21.
Nxg6+ Nxg6 22. Be4 Ke7 23. Bxg6 hxg6 24. Kg2 Rh8 25. Rd3 Rb8 26. Kg3 Rd8 27.
Rxd8 Kxd8 28. Kf4 Ke7 29. Ke5 Kd7 30. b4 Ke7 31. h4 Kd7 32. f4 Ke7 33. f5 f6+
34. Ke4 Kf7 35. a3 gxf5+ 36. gxf5 g6 37. fxg6+ Kxg6 38. Kf4 Kh5 39. Kg3 f5 40.
Kh3 e5 41. Kg3 Kg6 1/2-1/2

[Event "SF Olfen 1 - SC Falke Saerbeck 1"]
[Site "Verbandsliga 2019/2020"]
[Date "2019.11.09"]
[Round "3.7"]
[White "Hoge, Reinhard"]
[Black "Steffens, Gerd"]
[Result "1/2-1/2"]
[WhiteElo "1878"]
[BlackElo "1802"]
[PlyCount "54"]
[EventDate "2019.??.??"]
[SourceDate "2019.12.15"]

1. c4 e6 2. g3 f5 3. Bg2 Nf6 4. Nf3 Nc6 5. O-O b6 6. Nc3 Bb7 7. d4 Bb4 8. d5
Na5 9. dxe6 Bxc3 10. exd7+ Qxd7 11. bxc3 Qxd1 12. Rxd1 Nxc4 13. Bf4 c6 14. Nd4
Ne4 15. Bxe4 fxe4 16. Ne6 Kf7 17. Ng5+ Ke7 18. Nxe4 h6 19. Rd4 Ba6 20. Rad1
Rhd8 21. Rxd8 Rxd8 22. Rxd8 Kxd8 23. h4 Bb7 24. g4 c5 25. Ng3 Ke7 26. f3 Bd5
27. Bc1 a5 1/2-1/2

[Event "SF Olfen 1 - SC Falke Saerbeck 1"]
[Site "Verbandsliga 2019/2020"]
[Date "2019.11.09"]
[Round "3.8"]
[White "Limberg, Thomas"]
[Black "Waltermann, Jens"]
[Result "1/2-1/2"]
[WhiteElo "1700"]
[BlackElo "1793"]
[PlyCount "98"]
[EventDate "2019.??.??"]
[SourceDate "2019.12.15"]

1. d4 Nf6 2. c4 g6 3. Nc3 Bg7 4. e4 d6 5. Be2 e5 6. Nf3 Nc6 7. h3 O-O 8. O-O h6
9. Be3 Kh7 10. Qc2 Ne8 11. dxe5 Nxe5 12. Nxe5 dxe5 13. Rad1 Qh4 14. f4 c6 15.
Bc5 Rg8 16. fxe5 Be6 17. Bd4 Qg5 18. Qd2 Bxe5 19. Qxg5 Bxd4+ 20. Rxd4 hxg5 21.
e5 Ng7 22. g4 Rgd8 23. Rfd1 Rxd4 24. Rxd4 c5 25. Rd1 b6 26. Ne4 Kh6 27. b3 Ne8
28. Bf3 Rc8 29. Nd6 Nxd6 30. exd6 Rd8 31. Kf2 Kg7 32. Ke3 f5 33. gxf5 gxf5 34.
h4 gxh4 35. Kf4 Kf6 36. Bc6 Bd7 37. Bg2 Rg8 38. Bh3 Rg3 39. Bxf5 Bxf5 40. d7
Rg4+ 41. Kf3 Bxd7 42. Rxd7 Rg7 43. Rd6+ Kg5 44. Rd5+ Kh6 45. Rd2 Kh5 46. Rd5+
Kh6 47. Rd2 Rg6 48. Re2 a5 49. Kf4 Rd6 1/2-1/2

[Event "SK Gescher 1 - SV Ibbenbüren 1"]
[Site "Verbandsliga 2019/2020"]
[Date "2019.11.09"]
[Round "3.1"]
[White "Welp, Michael"]
[Black "Scho, Christian"]
[Result "1-0"]
[WhiteElo "1887"]
[BlackElo "2072"]
[PlyCount "79"]
[EventDate "2019.??.??"]
[SourceDate "2019.12.15"]

1. d4 d6 2. Nf3 Bg4 3. g3 Bxf3 4. exf3 g6 5. Bg2 Bg7 6. f4 c6 7. O-O Nf6 8. c4
O-O 9. Qb3 Qb6 10. Qxb6 axb6 11. Re1 e6 12. Nc3 d5 13. cxd5 exd5 14. Be3 b5 15.
a4 bxa4 16. Nxa4 Nbd7 17. b4 Ra7 18. Nc3 Rfa8 19. Rxa7 Rxa7 20. b5 Ne8 21. Rb1
Nd6 22. Bh3 f5 23. Bf1 Kf7 24. Be2 Nf8 25. bxc6 bxc6 26. Rb6 Ne4 27. Nxe4 fxe4
28. Rxc6 Ne6 29. Rd6 Ra5 30. Bg4 Nf8 31. f5 gxf5 32. Bxf5 Ke7 33. Rc6 Ra7 34.
Rc5 Ne6 35. Rxd5 Ra1+ 36. Kg2 Rd1 37. Bxe4 Nxd4 38. Bxh7 Ke6 39. Bg8+ Ke7 40.
h4 1-0

[Event "SK Gescher 1 - SV Ibbenbüren 1"]
[Site "Verbandsliga 2019/2020"]
[Date "2019.11.09"]
[Round "3.2"]
[White "Eissing, Christoph"]
[Black "Kellmann, Dominik"]
[Result "1-0"]
[WhiteElo "2026"]
[BlackElo "1755"]
[PlyCount "59"]
[EventDate "2019.??.??"]
[SourceDate "2019.12.15"]

1. e4 c6 2. d4 d5 3. Nc3 dxe4 4. Nxe4 Bf5 5. Ng3 Bg6 6. h4 h6 7. Nf3 Nd7 8. h5
Bh7 9. Bd3 Bxd3 10. Qxd3 Qc7 11. Bd2 e6 12. O-O-O Ngf6 13. Qe2 Be7 14. Ne5 Rf8
15. f4 O-O-O 16. f5 Nxe5 17. dxe5 Nd5 18. a3 Kb8 19. Rdf1 Ka8 20. Kb1 Qb6 21.
Rf3 Rd7 22. c4 Nc7 23. f6 gxf6 24. exf6 Bd6 25. Bxh6 Rfd8 26. Bc1 Qd4 27. Qe4
Bxg3 28. Qxd4 Rxd4 29. Rxg3 Ne8 30. Rg8 1-0

[Event "SK Gescher 1 - SV Ibbenbüren 1"]
[Site "Verbandsliga 2019/2020"]
[Date "2019.11.09"]
[Round "3.3"]
[White "Langer, Ralf"]
[Black "Lanfer, Stefanie"]
[Result "1/2-1/2"]
[WhiteElo "1749"]
[BlackElo "1882"]
[PlyCount "33"]
[EventDate "2019.??.??"]
[SourceDate "2019.12.15"]

1. d4 Nf6 2. Nf3 g6 3. c4 Bg7 4. Nc3 O-O 5. e4 d6 6. Be2 Nbd7 7. O-O e5 8. dxe5
dxe5 9. Bg5 c6 10. Nd2 Qe7 11. a3 a5 12. Rb1 Nc5 13. b4 axb4 14. axb4 Ne6 15.
Be3 Nd7 16. c5 Rd8 17. Bc4 1/2-1/2

[Event "SK Gescher 1 - SV Ibbenbüren 1"]
[Site "Verbandsliga 2019/2020"]
[Date "2019.11.09"]
[Round "3.4"]
[White "Brands, Julian"]
[Black "Werremeyer, Achim"]
[Result "1-0"]
[WhiteElo "1736"]
[BlackElo "1712"]
[PlyCount "77"]
[EventDate "2019.??.??"]
[SourceDate "2019.12.15"]

1. e4 c6 2. d4 d5 3. Nc3 dxe4 4. Nxe4 Nd7 5. Nf3 Ngf6 6. Ng3 Qc7 7. Bd3 e6 8.
O-O Be7 9. c3 O-O 10. Re1 c5 11. Ne2 c4 12. Bc2 Nd5 13. Bg5 Bd6 14. Qd2 N7f6
15. Rad1 Bd7 16. Bh4 Rac8 17. Bg3 b5 18. Ne5 Nh5 19. Nxd7 Qxd7 20. Be5 Nhf6 21.
Nf4 Be7 22. Nxd5 Qxd5 23. Qg5 h6 24. Qg3 Ne8 25. Be4 Qd7 26. d5 Bf6 27. Bxf6
Nxf6 28. dxe6 Qxd1 29. Rxd1 Nxe4 30. Qe5 Nc5 31. exf7+ Rxf7 32. Rd5 Rfc7 33. g3
a5 34. Rd8+ Rxd8 35. Qxc7 Rd1+ 36. Kg2 Nd3 37. Qxa5 Rd2 38. Qxb5 Rxf2+ 39. Kg1
1-0

[Event "SK Gescher 1 - SV Ibbenbüren 1"]
[Site "Verbandsliga 2019/2020"]
[Date "2019.11.09"]
[Round "3.5"]
[White "Sivakumaran, Methunraj"]
[Black "Priebs, Ludger"]
[Result "1/2-1/2"]
[WhiteElo "1631"]
[BlackElo "1758"]
[PlyCount "37"]
[EventDate "2019.??.??"]
[SourceDate "2019.12.15"]

1. d4 c6 2. c4 d6 3. Nc3 Nf6 4. e4 Qc7 5. Nf3 Bg4 6. Be2 Nbd7 7. O-O e5 8. Be3
Be7 9. a3 a6 10. Rc1 O-O 11. b4 Qb8 12. Nxe5 Nxe5 13. dxe5 Bxe2 14. Qxe2 dxe5
15. Rfd1 Rd8 16. c5 Qc7 17. h3 Rxd1+ 18. Rxd1 Rd8 19. Rd2 1/2-1/2

[Event "SK Gescher 1 - SV Ibbenbüren 1"]
[Site "Verbandsliga 2019/2020"]
[Date "2019.11.09"]
[Round "3.6"]
[White "Iking, Bernhard"]
[Black "Bloem, Markus"]
[Result "1-0"]
[WhiteElo "1748"]
[BlackElo "1514"]
[PlyCount "79"]
[EventDate "2019.??.??"]
[SourceDate "2019.12.15"]

1. d4 d6 2. c4 g6 3. e4 Bg7 4. f4 Nd7 5. Nf3 Ngf6 6. Nc3 O-O 7. e5 Ne8 8. Be2
e6 9. O-O c6 10. Be3 Qc7 11. Qd2 b6 12. Rac1 Bb7 13. Bf2 Bh6 14. Ng5 Ng7 15. g4
Rad8 16. Nge4 Ne8 17. Bh4 f6 18. exd6 Nxd6 19. Nxd6 Qxd6 20. Ne4 Qc7 21. g5 Bg7
22. Qe3 Rde8 23. c5 b5 24. Nd6 Re7 25. f5 e5 26. fxg6 hxg6 27. gxf6 Bxf6 28.
Bxf6 Rxf6 29. Rxf6 Nxf6 30. dxe5 Qd7 31. Qg5 Nh7 32. Qg3 Qe6 33. Bd1 Kg7 34.
Bb3 Qd7 35. Re1 Nf8 36. Qf4 Nh7 37. e6 Qd8 38. Rf1 Bc8 39. Qe5+ Kg8 40. Nf7 1-0

[Event "SK Gescher 1 - SV Ibbenbüren 1"]
[Site "Verbandsliga 2019/2020"]
[Date "2019.11.09"]
[Round "3.8"]
[White "Robers, Frank"]
[Black "Klausmeier, Achim"]
[Result "1/2-1/2"]
[WhiteElo "1644"]
[BlackElo "1605"]
[PlyCount "45"]
[EventDate "2019.??.??"]
[SourceDate "2019.12.15"]

1. e4 c5 2. Nf3 d6 3. g3 Nf6 4. Bg2 Nc6 5. d3 g6 6. O-O Bg7 7. c3 O-O 8. Nbd2
Bd7 9. Re1 Qc8 10. Nc4 Ng4 11. Ne3 Nxe3 12. Bxe3 Ne5 13. Nxe5 dxe5 14. d4 cxd4
15. cxd4 exd4 16. Rc1 Bc6 17. Bd2 e5 18. f4 exf4 19. Bxf4 Qe6 20. b3 Be5 21.
Qd2 f6 22. Bf1 Kh8 23. Bd3 1/2-1/2

[Event "Südlohner SV 2 - SC Rochade Emsdetten 2"]
[Site "Verbandsliga 2019/2020"]
[Date "2019.11.09"]
[Round "3.1"]
[White "Delere, Adrian"]
[Black "Teloeken, Daniel"]
[Result "0-1"]
[WhiteElo "1841"]
[BlackElo "1943"]
[PlyCount "54"]
[EventDate "2019.??.??"]
[SourceDate "2019.12.15"]

1. e4 c5 2. Nc3 g6 3. g3 Bg7 4. Bg2 Nc6 5. f4 Rb8 6. Nf3 b5 7. O-O d6 8. d3 Nf6
9. h3 O-O 10. g4 b4 11. Ne2 a5 12. Ng3 Qb6 13. g5 Nd7 14. Kh2 Ba6 15. Rb1 c4
16. Rh1 Rfc8 17. h4 cxd3 18. cxd3 Nd4 19. h5 Nxf3+ 20. Qxf3 Rc2 21. Be3 Bd4 22.
Bxd4 Qxd4 23. hxg6 hxg6 24. Rbd1 Rf2 25. Qg4 Qxb2 26. Qxd7 Rxg2+ 27. Kh3 Bc8
0-1

[Event "Südlohner SV 2 - SC Rochade Emsdetten 2"]
[Site "Verbandsliga 2019/2020"]
[Date "2019.11.09"]
[Round "3.2"]
[White "Emming, Benedikt"]
[Black "Luecke, Thomas"]
[Result "0-1"]
[WhiteElo "1831"]
[BlackElo "1833"]
[PlyCount "136"]
[EventDate "2019.??.??"]
[SourceDate "2019.12.15"]

1. e4 c6 2. d3 d5 3. Nd2 e5 4. Ngf3 Bd6 5. d4 exd4 6. exd5 Nf6 7. Nxd4 Nxd5 8.
N2f3 O-O 9. Be2 Nf4 10. O-O Nxe2+ 11. Qxe2 Re8 12. Qd3 Qc7 13. h3 Nd7 14. Nf5
Bf8 15. Ng3 Nc5 16. Qd4 Ne6 17. Qc3 b6 18. Be3 Bb7 19. b4 Rad8 20. Rad1 Rxd1
21. Rxd1 Rd8 22. Rxd8 Qxd8 23. Qd2 Qxd2 24. Bxd2 c5 25. bxc5 Bxc5 26. Ne5 Bd5
27. c4 Bb7 28. Nf5 Be4 29. Ne3 f6 30. Nd7 Bd6 31. Nd5 Bxd5 32. cxd5 Nd4 33. Be3
Nc2 34. Bxb6 axb6 35. Nxb6 Kf7 36. g4 Nb4 37. Kg2 Nxa2 38. Nc4 Bc5 39. f4 Nc3
40. f5 Nxd5 41. Kf3 Ke7 42. Nd2 Nc3 43. Nf1 Bd6 44. Nd2 Kd7 45. Nb3 g6 46. fxg6
hxg6 47. h4 Ke7 48. h5 gxh5 49. gxh5 Be5 50. Kg4 Ne2 51. Nc5 Nd4 52. Nd3 Kf7
53. Nf2 Bd6 54. Nd3 Kg7 55. Nf2 Kh6 56. Kh4 f5 57. Nd3 Nf3+ 58. Kh3 Kxh5 59.
Kg2 Nd4 60. Kf2 Kg4 61. Kg2 Ne6 62. Kf2 Nc5 63. Nc1 Bg3+ 64. Kg2 f4 65. Ne2 f3+
66. Kf1 Ne4 67. Kg1 fxe2 68. Kg2 Bh4 0-1

[Event "Südlohner SV 2 - SC Rochade Emsdetten 2"]
[Site "Verbandsliga 2019/2020"]
[Date "2019.11.09"]
[Round "3.3"]
[White "Noering, Andreas"]
[Black "Schmeing, Walter"]
[Result "1/2-1/2"]
[WhiteElo "1807"]
[BlackElo "1962"]
[PlyCount "53"]
[EventDate "2019.??.??"]
[SourceDate "2019.12.15"]

1. e4 e5 2. Bc4 Nc6 3. Nc3 Nf6 4. d3 Be7 5. Nge2 Na5 6. Bb3 Nxb3 7. axb3 O-O 8.
O-O d5 9. Nxd5 Nxd5 10. exd5 Qxd5 11. Nc3 Qd6 12. Qe2 f5 13. Kh1 Bd7 14. f3 a6
15. Be3 Bf6 16. Rad1 Rfe8 17. Qd2 Bc6 18. Bg5 Rad8 19. Bxf6 Qxf6 20. Qf2 Qg6
21. Rde1 h6 22. Re2 e4 23. fxe4 fxe4 24. Nxe4 Bxe4 25. Rxe4 Rxe4 26. dxe4 Qxe4
27. h3 1/2-1/2

[Event "Südlohner SV 2 - SC Rochade Emsdetten 2"]
[Site "Verbandsliga 2019/2020"]
[Date "2019.11.09"]
[Round "3.4"]
[White "Loesing, Henrik"]
[Black "Colmer, Willi"]
[Result "1/2-1/2"]
[WhiteElo "1892"]
[BlackElo "1781"]
[PlyCount "96"]
[EventDate "2019.??.??"]
[SourceDate "2019.12.15"]

1. c4 Nf6 2. g3 g6 3. Bg2 Bg7 4. Nc3 O-O 5. Nf3 d6 6. O-O c5 7. d3 Nc6 8. Rb1
Rb8 9. a3 Ng4 10. Bd2 Nge5 11. b4 Nxf3+ 12. Bxf3 Bh3 13. Re1 Ne5 14. Bh1 b6 15.
Qa4 Ng4 16. Nd5 e6 17. Nf4 Nxf2 18. Kxf2 Qf6 19. Bf3 Bh6 20. Qc2 Bxf4 21. Bxf4
g5 22. bxc5 bxc5 23. Rxb8 Rxb8 24. Rb1 Rxb1 25. Qxb1 gxf4 26. Qb8+ Kg7 27. Qxd6
Qa1 28. gxf4 Qf1+ 29. Kg3 Bf5 30. Qe5+ Kg8 31. Bg2 Qe1+ 32. Kf3 Qg1 33. h3 h5
34. Qf6 Qd1 35. Kf2 Qd2 36. Qe5 Bxd3 37. Qb8+ Kg7 38. Qe5+ Kg8 39. Bf3 Bg6 40.
Qb8+ Kg7 41. Qe5+ Kg8 42. Kg3 Qe1+ 43. Kg2 h4 44. Qg5 Kh7 45. a4 a5 46. Qg4 Bf5
47. Qh5+ Kg7 48. Qg5+ Kh7 1/2-1/2

[Event "Südlohner SV 2 - SC Rochade Emsdetten 2"]
[Site "Verbandsliga 2019/2020"]
[Date "2019.11.09"]
[Round "3.5"]
[White "Hemmers, Dieter"]
[Black "Harbers, Gerard"]
[Result "1/2-1/2"]
[WhiteElo "1773"]
[BlackElo "1876"]
[PlyCount "39"]
[EventDate "2019.??.??"]
[SourceDate "2019.12.15"]

1. e4 e5 2. Nf3 Nc6 3. Bb5 a6 4. Ba4 Nf6 5. O-O Be7 6. Re1 b5 7. Bb3 d6 8. c3
O-O 9. h3 Na5 10. Bc2 c5 11. d4 Nd7 12. Nbd2 exd4 13. cxd4 Nc6 14. Nf1 Bf6 15.
Be3 Re8 16. Ng3 cxd4 17. Nxd4 Nxd4 18. Bxd4 Be5 19. Re3 Nc5 20. Bxe5 1/2-1/2

[Event "Südlohner SV 2 - SC Rochade Emsdetten 2"]
[Site "Verbandsliga 2019/2020"]
[Date "2019.11.09"]
[Round "3.6"]
[White "Richters, Alfred"]
[Black "Schulte, Ralf"]
[Result "1/2-1/2"]
[WhiteElo "1840"]
[BlackElo "1779"]
[PlyCount "30"]
[EventDate "2019.??.??"]
[SourceDate "2019.12.15"]

1. d4 d5 2. Nf3 Nf6 3. Bf4 Bf5 4. c4 dxc4 5. e3 c6 6. Bxc4 e6 7. Nc3 Be7 8. O-O
O-O 9. h3 h6 10. Qe2 Nbd7 11. e4 Bg6 12. a3 Re8 13. Rad1 Qa5 14. e5 Nd5 15. Bd2
Qd8 1/2-1/2

[Event "Südlohner SV 2 - SC Rochade Emsdetten 2"]
[Site "Verbandsliga 2019/2020"]
[Date "2019.11.09"]
[Round "3.7"]
[White "Hedwig, Johannes"]
[Black "Boecker, Manfred"]
[Result "1-0"]
[WhiteElo "1768"]
[BlackElo "1820"]
[PlyCount "159"]
[EventDate "2019.??.??"]
[SourceDate "2019.12.15"]

1. e4 e6 2. d4 d5 3. exd5 exd5 4. Bd3 Bd6 5. Nf3 Ne7 6. O-O f6 7. Re1 Bg4 8. c3
O-O 9. Nbd2 Bh5 10. Qb3 b6 11. Nh4 Bf7 12. Qc2 g6 13. Nf1 Re8 14. Ne3 Nd7 15.
Ng4 f5 16. Nh6+ Kg7 17. Bg5 Nf6 18. f3 c5 19. Bb5 Qc7 20. g3 cxd4 21. Bxe8 Rxe8
22. Nxf7 Kxf7 23. Bxf6 Kxf6 24. Qe2 dxc3 25. bxc3 Be5 26. Rac1 Nc6 27. Qd2 d4
28. cxd4 Bxd4+ 29. Kg2 Rd8 30. f4 Bc5 31. Qc3+ Nd4 32. Nf3 Qc6 33. Red1 Qe4 34.
Re1 Qxf3+ 35. Qxf3 Nxf3 36. Kxf3 Rd3+ 37. Ke2 Rd6 38. Rcd1 Re6+ 39. Kd3 Rc6 40.
Ke2 Re6+ 41. Kf1 Rc6 42. Rd7 Bb4 43. Re2 a5 44. Rxh7 a4 45. Kg2 a3 46. Rb7 Bc5
47. Rd7 Bb4 48. Rd3 Bc5 49. h3 Rc8 50. g4 fxg4 51. hxg4 Rc7 52. Kf3 Kf7 53. Rd5
Bb4 54. f5 Rc3+ 55. Kf4 Rc4+ 56. Kg5 Be7+ 57. Rxe7+ Kxe7 58. Re5+ Kf8 59. Re3
gxf5 60. gxf5 Ra4 61. Rc3 b5 62. Rc8+ Kf7 63. Rc7+ Kf8 64. Rb7 Rc4 65. Kg6 Rc2
66. Rb8+ Ke7 67. f6+ Ke6 68. Rb6+ Kd7 69. f7 Rg2+ 70. Kf6 Rxa2 71. f8=Q Rf2+
72. Kg7 Rxf8 73. Kxf8 a2 74. Ra6 b4 75. Rxa2 Kc6 76. Ra5 Kb6 77. Rh5 Kc6 78.
Ke7 b3 79. Re5 b2 80. Re1 1-0

[Event "Südlohner SV 2 - SC Rochade Emsdetten 2"]
[Site "Verbandsliga 2019/2020"]
[Date "2019.11.09"]
[Round "3.8"]
[White "Teloeken, Stefan"]
[Black "Wehmeier, Sven"]
[Result "1-0"]
[WhiteElo "1803"]
[BlackElo "1805"]
[PlyCount "97"]
[EventDate "2019.??.??"]
[SourceDate "2019.12.15"]

1. c4 Nf6 2. g3 g6 3. Nf3 Bg7 4. Bg2 c5 5. Nc3 O-O 6. O-O Nc6 7. d4 cxd4 8.
Nxd4 Qb6 9. e3 a6 10. b3 d6 11. h3 Rb8 12. Bb2 Ne5 13. Qe2 Bd7 14. Kh2 Qa5 15.
a3 Rfc8 16. Rac1 Qb6 17. f4 Nc6 18. Qd1 Nxd4 19. exd4 Rxc4 20. bxc4 Qxb2 21.
Nb1 Ne8 22. d5 Bf5 23. Qe1 Bf8 24. Qc3 Qb6 25. Qb4 Qd8 26. Rfe1 Bxb1 27. Rxb1
Bg7 28. Re3 Bd4 29. Re2 b6 30. a4 a5 31. Qe1 Rb7 32. h4 Nf6 33. Bh3 Kf8 34. Qd2
Bc5 35. g4 Ng8 36. h5 Bb4 37. Qd4 Qc7 38. Rb3 f6 39. hxg6 hxg6 40. g5 Qc5 41.
Qe4 f5 42. Bxf5 gxf5 43. Qxf5+ Ke8 44. Qg6+ Kf8 45. Qf5+ Ke8 46. Rh3 e5 47. Rh8
Rg7 48. Qe6+ Kd8 49. Qf6+ 1-0

[Event "SF Telgte 1 - Schach Nienberge 2"]
[Site "Verbandsliga 2019/2020"]
[Date "2019.11.09"]
[Round "3.2"]
[White "Lodde, Martin"]
[Black "Da Costa Campos, Andre"]
[Result "1/2-1/2"]
[WhiteElo "1941"]
[BlackElo "1895"]
[PlyCount "87"]
[EventDate "2019.??.??"]
[SourceDate "2019.12.15"]

1. d4 c5 2. c3 e6 3. g3 d5 4. Bg2 Nf6 5. Nf3 Nc6 6. O-O b6 7. Ne5 Qc7 8. Nxc6
Qxc6 9. Nd2 cxd4 10. cxd4 Ba6 11. Re1 Bb4 12. a3 Bxd2 13. Bxd2 O-O 14. Rc1 Qb5
15. Bb4 Rfc8 16. f3 Rxc1 17. Qxc1 Rc8 18. Bc3 Bb7 19. e3 Ne8 20. Bf1 Qb3 21.
Bd3 Nd6 22. Qd1 Qxd1 23. Rxd1 Nc4 24. Kf2 a5 25. e4 Nxa3 26. Bxa5 Nc4 27. Bc3
dxe4 28. fxe4 Nd6 29. Re1 f5 30. exf5 exf5 31. Re6 Rd8 32. Bb1 Bd5 33. Re5 Ne4+
34. Ke3 g6 35. Rxd5 Rxd5 36. Ba2 Nf6 37. Kd3 Kf7 38. Bxd5+ Nxd5 39. Kc4 Ke6 40.
Bd2 Kd6 41. b4 Kc6 42. b5+ Kd6 43. Bg5 Ke6 44. Bd2 1/2-1/2

[Event "SF Telgte 1 - Schach Nienberge 2"]
[Site "Verbandsliga 2019/2020"]
[Date "2019.11.09"]
[Round "3.3"]
[White "Stoeckmann, Helmut"]
[Black "Kuhlenbaeumer, Alfred"]
[Result "1-0"]
[WhiteElo "1928"]
[BlackElo "1811"]
[PlyCount "89"]
[EventDate "2019.??.??"]
[SourceDate "2019.12.15"]

1. c4 e5 2. Nc3 Nf6 3. g3 Bc5 4. Bg2 O-O 5. e3 Re8 6. Nge2 d6 7. d4 exd4 8.
exd4 Bb4 9. O-O Nbd7 10. a3 Bxc3 11. Nxc3 h6 12. b3 Nf8 13. Bb2 c6 14. d5 c5
15. h3 a6 16. Qd3 Ng6 17. f4 Bd7 18. Rae1 Rxe1 19. Rxe1 Qf8 20. Nd1 Re8 21. Re3
Rxe3 22. Qxe3 Qe8 23. Bxf6 Qxe3+ 24. Nxe3 gxf6 25. Kf2 Kg7 26. h4 h5 27. Be4
Ne7 28. f5 Kh6 29. Kf3 Kg7 30. Kf4 Kh6 31. a4 b6 32. Bd3 Kg7 33. Bf1 Kh6 34.
Bh3 Kg7 35. Nd1 Kh6 36. Nc3 Kg7 37. Ne4 Nc8 38. Bf1 b5 39. axb5 axb5 40. cxb5
Nb6 41. Bc4 Nc8 42. Nc3 Ne7 43. b6 Bc8 44. Ne4 Nxf5 45. b7 1-0

[Event "SF Telgte 1 - Schach Nienberge 2"]
[Site "Verbandsliga 2019/2020"]
[Date "2019.11.09"]
[Round "3.4"]
[White "Dieckmann, Werner"]
[Black "Wetterau, Georg"]
[Result "0-1"]
[WhiteElo "1779"]
[BlackElo "1829"]
[PlyCount "109"]
[EventDate "2019.??.??"]
[SourceDate "2019.12.15"]

1. d4 Nf6 2. Nf3 g6 3. Nbd2 d5 4. e3 Bg7 5. Be2 O-O 6. O-O Ne4 7. c4 c6 8. Nxe4
dxe4 9. Nd2 f5 10. b4 a5 11. bxa5 Qxa5 12. Nb3 Qc7 13. g3 b6 14. Qc2 Nd7 15.
Bb2 Nf6 16. a4 g5 17. c5 Kh8 18. cxb6 Qxb6 19. a5 Qc7 20. Rfc1 Be6 21. Bc4 Nd5
22. Nc5 Bg8 23. Bf1 Rxa5 24. Na6 Qd8 25. Rxa5 Qxa5 26. Qxc6 f4 27. Ra1 Qd2 28.
Bc1 Qd1 29. Bb2 Qh5 30. exf4 gxf4 31. Qc2 fxg3 32. fxg3 Ne3 33. Qxe4 Nxf1 34.
Rxf1 Rxf1+ 35. Kxf1 Qxh2 36. Qg2 Bc4+ 37. Kf2 Qxg2+ 38. Kxg2 Bxa6 39. Kf3 Bb7+
40. Kf4 Kg8 41. Bc3 Kf7 42. Bb2 Bd5 43. Bc3 Kf6 44. g4 Bh6+ 45. Kg3 Bg5 46. Ba1
Ke6 47. Bc3 Kd7 48. Bb4 e6 49. Bf8 Kc6 50. Kf2 Kb5 51. Bg7 Be4 52. Be5 Kc4 53.
Ke2 Bd3+ 54. Kf3 Kd5 55. Bg7 0-1

[Event "SF Telgte 1 - Schach Nienberge 2"]
[Site "Verbandsliga 2019/2020"]
[Date "2019.11.09"]
[Round "3.5"]
[White "Schipke, Thorsten"]
[Black "Pohl, Detlev"]
[Result "0-1"]
[WhiteElo "1838"]
[BlackElo "1798"]
[PlyCount "72"]
[EventDate "2019.??.??"]
[SourceDate "2019.12.15"]

1. e4 e6 2. d4 d5 3. c4 dxe4 4. f3 exf3 5. Nxf3 Nf6 6. Nc3 Be7 7. Bg5 h6 8. Bh4
Nbd7 9. Bd3 c5 10. d5 exd5 11. Bxf6 Nxf6 12. cxd5 Qb6 13. Qe2 O-O 14. O-O-O Bd6
15. Ne4 Nxe4 16. Qxe4 f5 17. Qh4 Bd7 18. Rhe1 c4 19. Bc2 c3 20. b3 Qc5 21. b4
Qb6 22. Bb3 a5 23. bxa5 Rxa5 24. Qd4 Bc5 25. Qxc3 Bb4 26. Qd4 Rc8+ 27. Kb1 Qd6
28. Qe5 Qg6 29. Qf4 Bxe1 30. Rxe1 Qf6 31. Ne5 Re8 32. Re3 Qd6 33. Qd4 f4 34.
Re2 Bf5+ 35. Ka1 Qa3 36. Nc4 Qc1# 0-1